La Ciotat - Choix multiples - Statistiques

Statistiques générales
  • Ce quiz a été pris 17 fois
  • Le résultat moyen est 7 sur 10
Statistiques - réponses
Question Réponse % Correct
Quel site industriel ayant fermé ses portes en 1989 avant de rouvrir au début du XXIe siècle est un acteur économique majeur de la ville et emploie 1 500 personnes en 2025 ? Un chantier naval
94%
Quel type de vallées creusées par des rivières et récupérées par la mer peut-on trouver à l'ouest de La Ciotat ainsi qu'à Cassis ? Des calanques
88%
Quelle grande ville se situe à 31 kilomètres au bas mot de La Ciotat ? Marseille
88%
Quelle île au large de La Ciotat porte le nom d'une couleur ? L'Île verte
82%
Parmi les propositions suivantes, laquelle est le titre d'un film des frères Lumière tourné à La Ciotat, l'un des tout premiers films de l'histoire du cinéma ? L'Arrivée d'un train en gare de La Ciotat
76%
Quel jeu a été inventé par un certain Jules Le Noir à La Ciotat ? La pétanque
71%
Quel fidèle apôtre de Jésus Christ donne son nom à une avenue, une plage ainsi qu'à un quartier au nord-est de La Ciotat ? Saint Jean
65%
Parmi ces images, laquelle présente un aspect de La Ciotat ?
59%
Quel auteur provençal, prix Nobel de littérature et ardent défenseur de l'occitan (du provençal), donne son nom à une avenue à La Ciotat ? Frédéric Mistral
53%
Quel cinéaste français d'origine arménienne donne son nom au parvis de la Chapelle des Pénitents bleus à La Ciotat ? Henri Verneuil
41%
Aucun quiz correspondant
Distribution des résultats
% des personnes avec chaque résultat
Percentile par nombre de réponses
Votre historique - résultats
Vous n’avez pas pris ce quiz